Statistics for F1 Top 15 Point Scorers (2010-2019)

Click here to take the quiz!

General Stats

  • This quiz has been taken 247 times
  • The average score is 13 of 15

Answer Stats

PointsAnswer% Correct
3186Lewis Hamilton
100%
2889Sebastian Vettel
99%
1328Fernando Alonso
98%
952Max Verstappen
97%
1283Valtteri Bottas
97%
1537Nico Rosberg
96%
1289Kimi Raikkonen
94%
1041Daniel Ricciardo
92%
831Felipe Massa
88%
904Jenson Button
86%
577Sergio Perez
86%
894Mark Webber
85%
503Nico Hulkenberg
76%
303Charles Leclerc
73%
390Romain Grosjean
68%

Score Distribution

Percentile by Number Answered

Percent of People with Each Score

Your Score History

You have not taken this quiz